00920nam a2200253 i 4500001000300000100003800003245013300041260009900174300002800273504002600301546001600327650001200343650002400355650003500379700002600414015001700440020001500457040000800472041002200480044000800502080001700510008004100527856009800568bg1 aKuczmaszewski, Józefd(1951- ).10aFundamentals of metal-metal adhesive joint design /cJózef Kuczmaszewski ; [transl. by Tomasz Bylica ; Politechnika Lubelska]. aLublin :bLublin University of Technology :bPolish Academy of Sciences. Lublin Branch,c2006. a208 s. :bil. ;c25 cm. aBibliogr. przy rozdz. aTł. z pol. 9aAdhezja 9aMetalextechnologia 9aPołączenia klejowexbadanie1 aBylica, Tomasz.eTł. aPB 1910/2008 a8389293110 cBPK1 aengdKOSZ005hpol aPOL a621.791/.795070419s2006 pl a |000 0 eng  uhttp://koha.tu.koszalin.pl/cgi-bin/koha/opac-detail.pl?biblionumber=55043yKatalog online BPK